Complete the film title (John Cusack) - Statistics

General Stats
  • This quiz has been taken 28 times
  • The average score is 9 of 16
Answer Stats
Film Title % Correct
Being John {Malkovich}
82%
Sixteen {Candles}
82%
The Thin Red {Line}
82%
Con {Air}
76%
Midnight In The Garden of Good and {Evil}
71%
Hot Tub Time {Machine}
65%
The Sure {Thing}
65%
America's {Sweethearts}
59%
Grosse Pointe {Blank}
59%
High {Fidelity}
59%
Say {Anything}…
59%
Bullets Over {Broadway}
53%
Pushing {Tin}
47%
Must Love {Dogs}
41%
Runaway {Jury}
29%
Love & {Mercy}
18%
No matching quizzes found
Score Distribution
Percent of People with Each Score
Percentile by Number Answered
Your Score History
You have not taken this quiz